[Event "Titled Tue 17th Jun Late"]
[Site "chess.com INT"]
[Date "2025.06.17"]
[Round "5"]
[White "Papacek, Stepan"]
[Black "Hon, Eric"]
[Result "1-0"]
[WhiteTitle "FM"]
[WhiteElo "2225"]
[BlackElo "1962"]
[WhiteFideId "301035"]
[BlackFideId "2097117"]
[EventDate "2025.06.17"]

1. e4 c5 2. c3 d5 3. exd5 Qxd5 4. Nf3 Nc6 5. Na3 Bg4 6. Be2 Nf6 7. O-O e6 8. d4
cxd4 9. Nb5 Rc8 10. Bf4 e5 11. Nxe5 Nxe5 12. Bxe5 Qxe5 13. Bxg4 Nxg4 14. Qxg4 f5
15. Rfe1 fxg4 16. Rxe5+ Kd7 17. Rd1 a6 1-0

[Event "Titled Tue 17th Jun Late"]
[Site "chess.com INT"]
[Date "2025.06.17"]
[Round "5"]
[White "Ersoz, Teoman Guney"]
[Black "Guliev, Gasan"]
[Result "0-1"]
[WhiteTitle "CM"]
[BlackTitle "CM"]
[WhiteElo "2052"]
[BlackElo "2123"]
[WhiteFideId "44537050"]
[BlackFideId "34165638"]
[EventDate "2025.06.17"]

1. e4 c6 2. d4 d5 3. exd5 cxd5 4. Nf3 Nf6 5. Ne5 Nc6 6. Bb5 Qb6 7. Nc3 e6 8. O-O
Bb4 9. Ba4 O-O 10. a3 Bxc3 11. bxc3 Na5 12. Rb1 Qxb1 13. Qf3 Ne4 14. Qg4 f5 15.
Qh5 Qb6 16. Bg5 Nxg5 0-1

[Event "Titled Tue 17th Jun Late"]
[Site "chess.com INT"]
[Date "2025.06.17"]
[Round "5"]
[White "Sindarov, Islombek"]
[Black "Zou, Chen"]
[Result "0-1"]
[WhiteTitle "CM"]
[BlackTitle "IM"]
[WhiteElo "2129"]
[BlackElo "2443"]
[WhiteFideId "14205475"]
[BlackFideId "8610959"]
[EventDate "2025.06.17"]

1. Nf3 c5 2. g3 b6 3. Bg2 Bb7 4. O-O Nf6 5. d3 g6 6. e4 Bg7 7. Nc3 d6 8. h3 O-O
9. Be3 Nbd7 10. Qd2 a6 11. Bh6 b5 12. Bxg7 Kxg7 13. Ne2 Rc8 14. Nh2 c4 15. f4
cxd3 16. cxd3 Qb6+ 17. Kh1 Rc7 18. f5 Rfc8 19. fxg6 hxg6 20. Qf4 Rc2 21. Rae1
Ne5 22. Nc1 Rxb2 23. g4 Rcc2 24. Rg1 Qf2 25. Qxf2 Rxf2 26. d4 Nxe4 27. Nf1 Ng3+ 0-1

[Event "Titled Tue 17th Jun Late"]
[Site "chess.com INT"]
[Date "2025.06.17"]
[Round "5"]
[White "Mesquita, Eduardo Barbosa"]
[Black "Zuferi, Enis"]
[Result "0-1"]
[BlackTitle "FM"]
[WhiteElo "2014"]
[BlackElo "2339"]
[WhiteFideId "22757163"]
[BlackFideId "24692530"]
[EventDate "2025.06.17"]

1. e4 c5 2. Nf3 d6 3. d4 cxd4 4. Nxd4 Nf6 5. Nc3 a6 6. f3 e5 7. Nb3 Be7 8. Be3
Be6 9. Qd2 h5 10. O-O-O Nbd7 11. Nd5 Nxd5 12. exd5 Bf5 13. Bd3 Bxd3 14. Qxd3 Bg5
15. Kb1 Rc8 16. f4 exf4 17. Bd4 O-O 18. Qf5 g6 19. Qd3 Bf6 20. Rhf1 Be5 21. g3
fxg3 22. hxg3 Bxd4 23. Nxd4 Ne5 24. Qe2 Qb6 25. Rf6 Kg7 26. Rdf1 Qxd4 27. Rxd6 0-1

[Event "Titled Tue 17th Jun Late"]
[Site "chess.com INT"]
[Date "2025.06.17"]
[Round "5"]
[White "Tang, Austin"]
[Black "Montano Vicente, Guadalupe"]
[Result "1-0"]
[WhiteElo "1979"]
[BlackElo "1938"]
[WhiteFideId "30964580"]
[BlackFideId "5181399"]
[EventDate "2025.06.17"]

1. e4 c5 2. Nf3 d6 3. d4 cxd4 4. Nxd4 Nf6 5. Nc3 a6 6. Be3 e5 7. Nb3 Be6 8. f3
Be7 9. Qd2 h5 10. Nd5 Nxd5 11. exd5 Bf5 12. O-O-O Nd7 13. Bd3 Bxd3 14. Qxd3 Bg5
15. Kb1 Bxe3 16. Qxe3 O-O 17. g4 h4 18. g5 f6 19. Rhg1 f5 20. Qf2 Rc8 21. Qxh4
b5 22. Rg3 Rc4 23. Qh5 Qe8 24. g6 Nf6 25. Qxf5 Ne4 26. Qh3 Nxg3 27. Qh7# 1-0

[Event "Titled Tue 17th Jun Late"]
[Site "chess.com INT"]
[Date "2025.06.17"]
[Round "5"]
[White "Svane, Frederik"]
[Black "Matyakubov, Miraziz"]
[Result "1-0"]
[WhiteTitle "GM"]
[BlackTitle "CM"]
[WhiteElo "2667"]
[BlackElo "2278"]
[WhiteFideId "12923044"]
[BlackFideId "14215772"]
[EventDate "2025.06.17"]

1. e4 e5 2. Nf3 d6 3. d4 exd4 4. Nxd4 Nf6 5. Nc3 Be7 6. g3 O-O 7. Bg2 Re8 8. O-O
c6 9. h3 a5 10. a4 Na6 11. Re1 Nc5 12. Bf4 h6 13. Qd2 Bf8 14. g4 Qc7 15. Rad1
Ne6 16. Nxe6 Rxe6 17. Bg3 Bd7 18. f4 Qb6+ 19. Bf2 Qb4 20. e5 dxe5 21. fxe5 Nd5
22. Nxd5 cxd5 23. Bxd5 Rg6 24. Qxb4 Bxb4 25. c3 Bxa4 26. b3 Bxc3 27. Re3 Rd8 28.
bxa4 1-0

[Event "Titled Tue 17th Jun Late"]
[Site "chess.com INT"]
[Date "2025.06.17"]
[Round "5"]
[White "Krishnakumar, Sriram"]
[Black "Levano Loayza, Adriano Jaffet"]
[Result "1-0"]
[WhiteTitle "FM"]
[BlackTitle "CM"]
[WhiteElo "2197"]
[BlackElo "2023"]
[WhiteFideId "30915856"]
[BlackFideId "3865584"]
[EventDate "2025.06.17"]

1. e4 c5 2. Nf3 d6 3. d4 cxd4 4. Qxd4 Nf6 5. c4 Nc6 6. Qe3 g6 7. Nc3 Bg7 8. Be2
O-O 9. h3 a6 10. O-O Bd7 11. Rd1 Qc7 12. Bd2 Rfb8 13. Rac1 Na5 14. b3 Qd8 15. e5
Ne8 16. Nd5 e6 17. Nb6 Nc6 18. Nxa8 Rxa8 19. exd6 Nxd6 20. Bc3 Bxc3 21. Rxc3 Qe7
22. Qc5 Nf5 23. Qxe7 Nfxe7 24. Rxd7 1-0

[Event "Titled Tue 17th Jun Late"]
[Site "chess.com INT"]
[Date "2025.06.17"]
[Round "5"]
[White "Mekhitarian, Krikor Sevag"]
[Black "Liyanage, Pesandu Rashmitha"]
[Result "1-0"]
[WhiteTitle "GM"]
[BlackTitle "FM"]
[WhiteElo "2564"]
[BlackElo "2129"]
[WhiteFideId "2107660"]
[BlackFideId "9947876"]
[EventDate "2025.06.17"]

1. Nf3 Nf6 2. c4 c5 3. Nc3 Nc6 4. d4 cxd4 5. Nxd4 d6 6. e4 Nxd4 7. Qxd4 g6 8.
Be2 Bg7 9. Be3 O-O 10. Qd2 a5 11. O-O a4 12. Bd4 Qa5 13. Rad1 Be6 14. f4 Rfc8
15. b3 axb3 16. axb3 Qb4 17. f5 Bd7 18. Bxf6 Bxf6 19. Nd5 Qxd2 20. Nxf6+ Kg7 21.
Rxd2 Kxf6 22. fxg6+ Kxg6 23. e5 Ra6 24. Rd3 Kg7 25. Rg3+ Kf8 26. Bh5 Be6 27.
Bxf7 Bxf7 28. e6 1-0

[Event "Titled Tue 17th Jun Late"]
[Site "chess.com INT"]
[Date "2025.06.17"]
[Round "5"]
[White "Asish Panda"]
[Black "Uzuner, Tufan Can"]
[Result "1-0"]
[BlackTitle "CM"]
[WhiteElo "1911"]
[BlackElo "1909"]
[WhiteFideId "45012458"]
[BlackFideId "6300499"]
[EventDate "2025.06.17"]

1. e4 c6 2. c4 d5 3. cxd5 cxd5 4. exd5 Nf6 5. Nc3 Nxd5 6. Nf3 Nc6 7. d4 Bg4 8.
Bc4 e6 9. Nxd5 exd5 10. Be2 Bb4+ 11. Bd2 Bd6 12. O-O O-O 13. Be3 Rc8 14. h3 Bh5
15. Re1 Nb4 16. Ne5 Bxe2 17. Rxe2 Nc6 18. Rc1 Nxe5 19. dxe5 Rxc1 20. Bxc1 Bc5
21. Be3 b6 22. a3 d4 23. Rd2 Qe7 24. Bf4 a5 25. Qg4 Rd8 26. Bg5 f6 27. Bxf6 Qe8
28. Qxg7# 1-0

[Event "Titled Tue 17th Jun Late"]
[Site "chess.com INT"]
[Date "2025.06.17"]
[Round "5"]
[White "Atanasov, Anthony"]
[Black "Oksendal, Martin"]
[Result "1/2-1/2"]
[WhiteTitle "IM"]
[BlackTitle "FM"]
[WhiteElo "2417"]
[BlackElo "2235"]
[WhiteFideId "2623897"]
[BlackFideId "1554107"]
[EventDate "2025.06.17"]

1. d4 Nf6 2. Bf4 g6 3. e3 Bg7 4. c3 O-O 5. Be2 d6 6. h3 c5 7. Bh2 Qb6 8. Na3
Qxb2 9. Nb5 a6 10. Rb1 Qxa2 11. Ra1 Qb2 12. Nf3 Bd7 13. Rb1 Qa2 14. Ra1 Qb2 15.
Rb1 Qa2 16. Ra1 Qb2 1/2-1/2

[Event "Titled Tue 17th Jun Late"]
[Site "chess.com INT"]
[Date "2025.06.17"]
[Round "5"]
[White "Reprintsev, Alexander"]
[Black "Yevchenko, Oleksandr"]
[Result "1-0"]
[WhiteTitle "IM"]
[BlackTitle "CM"]
[WhiteElo "2256"]
[BlackElo "2276"]
[WhiteFideId "14100541"]
[BlackFideId "14108267"]
[EventDate "2025.06.17"]

1. e4 c5 2. b3 d5 3. exd5 Qxd5 4. Nc3 Qe6+ 5. Be2 a6 6. Nf3 Nf6 7. O-O g6 8. Re1
Qd6 9. Ba3 Nbd7 10. d4 b6 11. Na4 Bg7 12. dxc5 Qxd1 13. Raxd1 Nxc5 14. Nxb6 1-0

[Event "Titled Tue 17th Jun Late"]
[Site "chess.com INT"]
[Date "2025.06.17"]
[Round "5"]
[White "Li, Xueyi"]
[Black "Perry, Patrick"]
[Result "0-1"]
[WhiteTitle "WGM"]
[WhiteElo "2220"]
[BlackElo "2296"]
[WhiteFideId "8605912"]
[BlackFideId "30917727"]
[EventDate "2025.06.17"]

1. d4 Nf6 2. c4 c5 3. d5 e6 4. Nc3 exd5 5. cxd5 d6 6. g3 g6 7. Bg2 Bg7 8. Nf3
O-O 9. O-O a6 10. e4 b5 11. Re1 Nbd7 12. a3 Bb7 13. Be3 Re8 14. Bg5 h6 15. Bf4
Qb6 16. Qc2 Rac8 17. Rac1 b4 18. axb4 cxb4 19. Na4 Rxc2 20. Nxb6 Rxc1 21. Rxc1
Nxb6 22. Bxd6 Nxe4 23. Bxb4 Nxd5 24. Bc3 Ndxc3 25. bxc3 Nxc3 26. Rf1 a5 27. Ra1
a4 0-1

[Event "Titled Tue 17th Jun Late"]
[Site "chess.com INT"]
[Date "2025.06.17"]
[Round "5"]
[White "Sohal, Tanraj"]
[Black "Gimeno Martos, Roberto"]
[Result "1-0"]
[WhiteTitle "FM"]
[BlackTitle "CM"]
[WhiteElo "2234"]
[BlackElo "2090"]
[WhiteFideId "2608499"]
[BlackFideId "2226804"]
[EventDate "2025.06.17"]

1. c4 g6 2. Nc3 Bg7 3. d3 d6 4. Nf3 e5 5. g3 Nc6 6. Bg2 f5 7. O-O Nf6 8. Rb1 a5
9. a3 O-O 10. b4 axb4 11. axb4 Bh6 12. b5 Bxc1 13. bxc6 bxc6 14. Qxc1 Kg7 15. h4
h6 16. Nh2 Bd7 17. f4 exf4 18. Qxf4 Qe7 19. Qf2 Rfe8 20. Ra1 Rab8 21. Ra7 Rb3
22. Nd1 Qd8 23. Bf3 Qb8 24. Ra1 g5 25. hxg5 hxg5 26. Ne3 g4 27. Bxc6 Bxc6 28.
Nxf5+ Kg6 29. Nh4+ Kh7 30. Qf5+ Kg8 31. Qg6+ Kf8 32. Qxf6+ Kg8 33. Qf7+ Kh8 34.
Ng6# 1-0

[Event "Titled Tue 17th Jun Late"]
[Site "chess.com INT"]
[Date "2025.06.17"]
[Round "5"]
[White "Fikiet, Alex"]
[Black "Sliwicka, Alicja"]
[Result "1-0"]
[BlackTitle "WGM"]
[WhiteElo "2151"]
[BlackElo "2299"]
[WhiteFideId "2052717"]
[BlackFideId "1150677"]
[EventDate "2025.06.17"]

1. e4 c5 2. d4 cxd4 3. c3 dxc3 4. Nxc3 e6 5. Nf3 Ne7 6. Bc4 Ng6 7. O-O d6 8. Qe2
Be7 9. Rd1 a6 10. e5 d5 11. Bd3 Nd7 12. g3 Qc7 13. Re1 Nc5 14. Bc2 b5 15. a3 Bb7
16. h4 h5 17. Nd4 Nd7 18. Bxg6 fxg6 19. Nxe6 Qb6 20. Nf4 d4 21. Ncd5 Bxd5 22.
Nxd5 Qc6 23. Nxe7 Kxe7 24. Bg5+ Ke6 25. Qd3 Nf8 26. Rac1 Qd5 27. b4 Kf7 28. Rc5
Qe6 29. Qf3+ Kg8 30. Qxa8 Kh7 31. Qe4 Qb3 32. e6 d3 33. e7 Nd7 34. Rc6 Qf7 35.
e8=Q Rg8 1-0

[Event "Titled Tue 17th Jun Late"]
[Site "chess.com INT"]
[Date "2025.06.17"]
[Round "5"]
[White "Rasch, Holger"]
[Black "Rao, Anjaneya Sripathy"]
[Result "0-1"]
[WhiteTitle "FM"]
[BlackTitle "CM"]
[WhiteElo "2246"]
[BlackElo "2217"]
[WhiteFideId "4615670"]
[BlackFideId "30954770"]
[EventDate "2025.06.17"]

1. e4 e6 2. d4 d5 3. e5 c5 4. c3 Nc6 5. Nf3 Qb6 6. a3 f6 7. Bd3 fxe5 8. dxe5 c4
9. Bc2 Nh6 10. O-O Ng4 11. Qe2 Bc5 12. h3 Nxf2 13. Rxf2 O-O 14. Nbd2 Nxe5 15.
Nxe5 Rxf2 16. Bxh7+ Kf8 0-1

[Event "Titled Tue 17th Jun Late"]
[Site "chess.com INT"]
[Date "2025.06.17"]
[Round "5"]
[White "Bukreev, Stanislav"]
[Black "Bazan Romero, Octavio Aaron"]
[Result "1-0"]
[WhiteTitle "FM"]
[BlackTitle "FM"]
[WhiteElo "2305"]
[BlackElo "2289"]
[WhiteFideId "34252347"]
[BlackFideId "20003943"]
[EventDate "2025.06.17"]

1. d4 c6 2. c4 d5 3. Nf3 Nf6 4. Nc3 Bf5 5. cxd5 Nxd5 6. Qb3 Nxc3 7. bxc3 b6 8.
Ne5 e6 9. g4 Be4 10. f3 Qh4+ 11. Kd1 Bg6 12. Bf4 Qf6 13. Bg3 Nd7 14. h4 h5 15.
g5 Qe7 16. Nxg6 fxg6 17. Bh3 e5 18. e4 exd4 19. cxd4 Qb4 20. Qxb4 Bxb4 21. Kc2
c5 22. d5 O-O-O 23. a3 Kb7 24. axb4 1-0

[Event "Titled Tue 17th Jun Late"]
[Site "chess.com INT"]
[Date "2025.06.17"]
[Round "5"]
[White "Mulawa, Cyprian"]
[Black "Khlebovich, Alexander"]
[Result "0-1"]
[WhiteTitle "FM"]
[BlackTitle "IM"]
[WhiteElo "2324"]
[BlackElo "2423"]
[WhiteFideId "21001855"]
[BlackFideId "4169123"]
[EventDate "2025.06.17"]

1. e4 c5 2. Nf3 d6 3. d4 cxd4 4. Nxd4 Nf6 5. Nc3 a6 6. h3 e6 7. Nf3 Nc6 8. Be3
b5 9. a3 Bb7 10. g4 Ne5 11. Nxe5 dxe5 12. Qxd8+ Rxd8 13. f3 Nd7 14. O-O-O Bc5
15. Bxc5 Nxc5 16. Be2 h5 17. g5 h4 18. Rxd8+ Kxd8 19. Rd1+ Ke7 20. b4 Nd7 21. a4
bxa4 22. Nxa4 Rh5 23. f4 Rh8 24. f5 Bxe4 25. Rxd7+ Kxd7 26. Nc5+ Kc6 27. Nxe4
exf5 28. Nc5 a5 29. Nd3 e4 30. Ne5+ Kd5 31. Nxf7 Rf8 32. c4+ Kd4 33. g6 axb4 34.
Kc2 f4 35. Kb3 f3 36. Bf1 e3 37. Ng5 Rf6 38. Kxb4 e2 39. Nxf3+ Rxf3 40. Bxe2
Rxh3 41. c5 Rc3 42. c6 Rxc6 0-1

[Event "Titled Tue 17th Jun Late"]
[Site "chess.com INT"]
[Date "2025.06.17"]
[Round "5"]
[White "Noroozi, Omid"]
[Black "Goodrich, Elliott"]
[Result "1-0"]
[WhiteTitle "IM"]
[WhiteElo "2266"]
[BlackElo "2019"]
[WhiteFideId "12501190"]
[BlackFideId "39902064"]
[EventDate "2025.06.17"]

1. e4 e5 2. Nf3 Nc6 3. Bc4 Nf6 4. d3 h6 5. c3 d6 6. Nbd2 g6 7. Bb3 Bg7 8. h3 O-O
9. O-O d5 10. Re1 Be6 11. exd5 Nxd5 12. Nc4 Re8 13. Ncxe5 Nxe5 14. Nxe5 c6 15.
d4 Qh4 16. Qf3 Rad8 17. Bd2 Qe7 18. Rad1 Qc7 19. Ng4 Kh7 20. c4 Ne7 21. Nf6+
Bxf6 22. Qxf6 Nf5 23. d5 cxd5 24. cxd5 Bc8 25. Bc3 Rg8 26. g4 Qf4 27. Qxf7+ Ng7
28. Qxf4 1-0

[Event "Titled Tue 17th Jun Late"]
[Site "chess.com INT"]
[Date "2025.06.17"]
[Round "5"]
[White "Kostov, Deyan Samuil"]
[Black "Muratov, Batyrkhan"]
[Result "1-0"]
[WhiteTitle "FM"]
[BlackTitle "FM"]
[WhiteElo "2352"]
[BlackElo "2337"]
[WhiteFideId "30909015"]
[BlackFideId "13712667"]
[EventDate "2025.06.17"]

1. d4 d6 2. Bf4 f5 3. Nf3 Nf6 4. e3 g6 5. h4 Bg7 6. Bc4 e6 7. h5 d5 8. h6 dxc4
9. hxg7 Rg8 10. Nbd2 b5 11. Ng5 Rxg7 12. Qf3 Qd5 13. Qxd5 exd5 14. Ke2 Nc6 15.
Rh6 Ng4 16. Rxh7 Rxh7 17. Nxh7 b4 18. f3 Nxe3 19. Kxe3 Kf7 20. Ng5+ Kf6 21. Rh1
Ba6 22. Rh7 Re8+ 23. Kf2 Nd8 24. c3 c5 25. Rxa7 Bb5 26. dxc5 bxc3 27. bxc3 d4
28. cxd4 c3 29. Nb3 c2 30. Kg3 Rf8 31. d5 Bc4 32. Nh7# 1-0

[Event "Titled Tue 17th Jun Late"]
[Site "chess.com INT"]
[Date "2025.06.17"]
[Round "5"]
[White "Halynyazov, Vepaly"]
[Black "Romanchuk, Viktor"]
[Result "1-0"]
[BlackTitle "FM"]
[WhiteElo "2189"]
[BlackElo "2266"]
[WhiteFideId "14004020"]
[BlackFideId "14109271"]
[EventDate "2025.06.17"]

1. d4 d5 2. c4 c6 3. Nc3 Nf6 4. Nf3 e6 5. Bg5 h6 6. Bh4 dxc4 7. e4 b5 8. e5 g5
9. Nxg5 hxg5 10. Bxg5 Be7 11. exf6 Bxf6 12. Bxf6 Qxf6 13. g3 Na6 14. Bg2 Bb7 15.
Ne4 Qe7 16. O-O O-O-O 17. a4 f5 18. Nc3 b4 19. Ne2 c5 20. d5 Bxd5 21. Bxd5 exd5
22. Nf4 Nc7 23. Ng6 Qh7 24. Nxh8 Rxh8 25. h4 f4 26. Qg4+ Kb7 27. Qxf4 Qg7 28.
Rfe1 Qxb2 29. Rad1 d4 30. Re7 Rc8 31. Qe4+ Kb8 32. Qc6 c3 33. Rde1 Qd2 34. Kg2
Qxe1 35. Rxe1 d3 36. Qxc5 d2 37. Qxb4+ Ka8 38. Rb1 1-0

[Event "Titled Tue 17th Jun Late"]
[Site "chess.com INT"]
[Date "2025.06.17"]
[Round "5"]
[White "Ferrara, Enzo"]
[Black "Vaganian, Rafael A"]
[Result "0-1"]
[BlackTitle "GM"]
[WhiteElo "2138"]
[BlackElo "2449"]
[WhiteFideId "137731"]
[BlackFideId "13300016"]
[EventDate "2025.06.17"]

1. d4 e6 2. c4 d5 3. Nc3 Be7 4. Nf3 Nf6 5. g3 c6 6. Bg2 dxc4 7. Ne5 c5 8. e3
cxd4 9. exd4 Nc6 10. Nxc6 bxc6 11. Bxc6+ Bd7 12. Bxa8 Qxa8 13. O-O O-O 14. Re1
Bc6 15. Qe2 Bh1 16. Qf1 Rd8 17. Be3 Bb4 18. h3 h5 19. Kh2 Bxc3 20. bxc3 Bd5 21.
Rab1 Ne4 22. Rec1 h4 23. Bf4 g5 24. Be5 Nd2 25. Qd1 Nf3+ 26. Kg2 Nxe5+ 27. Kf1
Nf3 28. Qe2 Be4 29. Qe3 Bd3+ 30. Kg2 Ne1+ 31. Kh2 Qg2# 0-1

[Event "Titled Tue 17th Jun Late"]
[Site "chess.com INT"]
[Date "2025.06.17"]
[Round "5"]
[White "Nguyen, Ngoc Truong Son"]
[Black "Buchenau, Frank"]
[Result "1-0"]
[WhiteTitle "GM"]
[BlackTitle "FM"]
[WhiteElo "2600"]
[BlackElo "2205"]
[WhiteFideId "12401110"]
[BlackFideId "4604350"]
[EventDate "2025.06.17"]

1. e4 e6 2. Nf3 d5 3. e5 c5 4. c3 Bd7 5. d4 Qb6 6. a4 cxd4 7. cxd4 Nc6 8. Na3
Bb4+ 9. Bd2 Nge7 10. Nb5 O-O 11. Bxb4 Nxb4 12. a5 Qd8 13. Nd6 Qc7 14. Bd3 Nxd3+
15. Qxd3 Nf5 16. Nxf5 exf5 17. O-O Rac8 18. h3 h6 19. Qa3 f4 20. Qb4 Bf5 21. Qd2
g5 22. Rfc1 Qd7 23. Qb4 Kg7 24. Kh2 Be4 25. Nd2 Bf5 26. Nb3 f3 27. Nc5 Qe7 28.
Qxb7 Rc7 29. Qxc7 Qxc7 30. Ne6+ Bxe6 31. Rxc7 fxg2 32. Rxa7 Rb8 33. a6 Rxb2 34.
Kxg2 Rb3 35. Rb7 Bxh3+ 36. Kh2 Rf3 37. a7 Bf5 38. a8=Q Rxf2+ 39. Kg1 1-0

[Event "Titled Tue 17th Jun Late"]
[Site "chess.com INT"]
[Date "2025.06.17"]
[Round "5"]
[White "Tsydypov, Zhamsaran"]
[Black "Rasulov, Vugar"]
[Result "0-1"]
[WhiteTitle "GM"]
[BlackTitle "GM"]
[WhiteElo "2514"]
[BlackElo "2483"]
[WhiteFideId "4108566"]
[BlackFideId "13402390"]
[EventDate "2025.06.17"]

1. e4 e5 2. Nf3 Nc6 3. Bc4 Nf6 4. d3 Bc5 5. c3 d6 6. Bg5 h6 7. Bh4 a6 8. a4 Ba7
9. Nbd2 Qe7 10. b4 Nd8 11. b5 Ne6 12. bxa6 bxa6 13. Bd5 Rb8 14. Nc4 g5 15. Bg3
Nxd5 16. exd5 Nf4 17. O-O Nxd5 18. Re1 O-O 19. Nfxe5 dxe5 20. Rxe5 Be6 21. h4
gxh4 22. Bh2 Qf6 23. Qd2 Kh7 24. d4 Rg8 25. Na5 Qf3 26. g3 hxg3 27. fxg3 Qxc3
28. Qxc3 Nxc3 29. Nc6 Bb6 30. a5 Nd5 31. axb6 Rxb6 32. Rc1 Rb2 33. Re4 Nf6 34.
Rh4 Ng4 35. d5 Bxd5 36. Ne7 Rg2+ 0-1

[Event "Titled Tue 17th Jun Late"]
[Site "chess.com INT"]
[Date "2025.06.17"]
[Round "5"]
[White "Borisov, Yuri"]
[Black "Sailer, Mike"]
[Result "1-0"]
[WhiteTitle "FM"]
[WhiteElo "2285"]
[BlackElo "2108"]
[WhiteFideId "1503928"]
[BlackFideId "2012901"]
[EventDate "2025.06.17"]

1. e4 g6 2. d4 Bg7 3. Nc3 c6 4. Bc4 b5 5. Bb3 b4 6. Nce2 d5 7. e5 Nh6 8. f4 Bg4
9. h3 Bxe2 10. Qxe2 Nf5 11. Qf2 Qb6 12. Ne2 h5 13. O-O e6 14. Bd2 Nd7 15. a3 Bf8
16. axb4 Bxb4 17. c3 Be7 18. Ba4 O-O 19. b4 Qb7 20. g4 hxg4 21. hxg4 Nh4 22. Ng3
Nb6 23. Bc2 Nc4 24. Bc1 Kg7 25. f5 exf5 26. gxf5 gxf5 27. Nxf5+ Nxf5 28. Qxf5
Qc8 29. Qh7# 1-0

[Event "Titled Tue 17th Jun Late"]
[Site "chess.com INT"]
[Date "2025.06.17"]
[Round "5"]
[White "Jing, Andrew"]
[Black "Kislinsky, Alexey"]
[Result "0-1"]
[WhiteTitle "FM"]
[BlackTitle "GM"]
[WhiteElo "2292"]
[BlackElo "2341"]
[WhiteFideId "30984076"]
[BlackFideId "14108801"]
[EventDate "2025.06.17"]

1. e4 c6 2. d4 d5 3. e5 Bf5 4. Nd2 e6 5. Nb3 Nd7 6. Bd3 Bxd3 7. Qxd3 Qb6 8. Be3
a5 9. a4 Ne7 10. Nf3 Nf5 11. O-O Be7 12. g4 Nxe3 13. fxe3 h5 14. g5 g6 15. h4
O-O 16. Nfd2 c5 17. c4 cxd4 18. Qxd4 Nc5 19. cxd5 exd5 20. Rac1 Rac8 21. Rc3 Rc6
22. Rfc1 Rfc8 23. Kf2 Qc7 24. Nxc5 Bxc5 25. Qxd5 Rd8 26. Rxc5 Rxd5 27. Rxd5 Rxc1
28. Kf3 Qc6 29. e4 Rd1 30. b3 Qxd5 31. exd5 Rxd2 32. d6 Kf8 33. Ke3 Rd1 34. Ke2
Rd5 35. Kf3 Rxe5 36. Kf4 Rd5 37. Ke4 Rxd6 38. b4 axb4 39. a5 b3 40. Ke5 Re6+ 41.
Kd5 b2 42. a6 bxa6 43. Kc5 b1=Q 44. Kd5 Qb5+ 45. Kd4 Qe5+ 0-1

[Event "Titled Tue 17th Jun Late"]
[Site "chess.com INT"]
[Date "2025.06.17"]
[Round "5"]
[White "Colville, Julian"]
[Black "Guerrero Cataldo, Juan Andres"]
[Result "0-1"]
[WhiteTitle "FM"]
[BlackTitle "CM"]
[WhiteElo "2268"]
[BlackElo "2082"]
[WhiteFideId "30963273"]
[BlackFideId "3421260"]
[EventDate "2025.06.17"]

1. e4 c5 2. b3 Nc6 3. Bb2 a6 4. Nf3 d6 5. d4 cxd4 6. Nxd4 Bd7 7. c4 Nf6 8. Nc3
g6 9. Nxc6 Bxc6 10. Nd5 Bxd5 11. exd5 Bg7 12. Bd3 O-O 13. O-O Re8 14. Qf3 Qd7
15. Rfe1 b5 16. a4 bxc4 17. Bxc4 Nh5 18. Bxg7 Nxg7 19. a5 Qf5 20. Qe2 Qc8 21.
Rec1 Qb7 22. Qe3 Nf5 23. Qb6 Reb8 24. Qxb7 Rxb7 25. Rd1 h5 26. Kf1 Kg7 27. Ke2
Kf6 28. Kd3 e6 29. Rdc1 Ne7 30. dxe6 fxe6 31. Ke2 d5 32. Bd3 Rxb3 33. Rcb1 Rxb1
34. Rxb1 Nc6 35. Rb6 Nxa5 36. Bxa6 Nb3 37. Bb7 Ra2+ 38. Kd3 Nc5+ 39. Ke3 Ra3+
40. Kd4 Nxb7 41. Rxb7 Ra4+ 42. Ke3 Ra3+ 43. Kd4 Ra2 44. Ke3 Ke5 45. f4+ Kf6 46.
Kf3 Ra3+ 47. Kf2 Rc3 48. g3 h4 49. g4 g5 50. fxg5+ Kxg5 51. Rg7+ Kf4 52. g5 Rc2+
53. Ke1 Rxh2 54. g6 Rg2 55. Rg8 h3 56. g7 Ke5 57. Kf1 d4 58. Rh8 Rxg7 59. Rxh3
Kd5 60. Ke2 e5 0-1

[Event "Titled Tue 17th Jun Late"]
[Site "chess.com INT"]
[Date "2025.06.17"]
[Round "5"]
[White "Reinecke, Katharina"]
[Black "Ismayilova, Khanim"]
[Result "0-1"]
[WhiteTitle "WCM"]
[BlackTitle "WCM"]
[WhiteElo "1921"]
[BlackElo "1971"]
[WhiteFideId "12929727"]
[BlackFideId "13429019"]
[EventDate "2025.06.17"]

1. e4 c5 2. Nf3 Nc6 3. Bb5 e6 4. O-O d5 5. exd5 exd5 6. Re1+ Be7 7. d4 Nf6 8.
dxc5 O-O 9. Bxc6 bxc6 10. b4 Ne4 11. Bb2 Bg4 12. Nbd2 Nxd2 13. Qxd2 Bxf3 14.
gxf3 Bg5 15. f4 Bh6 16. Kh1 Qh4 17. Rg1 f6 18. Qe2 Bxf4 19. Qe6+ Kh8 20. Rg2
Rae8 21. Qxc6 Re2 22. Qxd5 Rxf2 23. Rag1 Qxh2+ 24. Rxh2 Rxh2# 0-1

[Event "Titled Tue 17th Jun Late"]
[Site "chess.com INT"]
[Date "2025.06.17"]
[Round "5"]
[White "Mitrabha, Guha"]
[Black "Norman, Kseniya"]
[Result "1-0"]
[WhiteTitle "GM"]
[BlackTitle "WFM"]
[WhiteElo "2515"]
[BlackElo "2069"]
[WhiteFideId "5057000"]
[BlackFideId "13518780"]
[EventDate "2025.06.17"]

1. e4 e6 2. d4 d5 3. Nd2 c5 4. Ngf3 cxd4 5. Nxd4 Nc6 6. Nxc6 bxc6 7. Bd3 Bd6 8.
O-O Ne7 9. c4 O-O 10. Re1 Ng6 11. Nf3 Ba6 12. Qe2 Rb8 13. b3 Nf4 14. Bxf4 Bxf4
15. Rad1 d4 16. e5 Bh6 17. Nxd4 Qc7 18. Qe4 g6 19. Qxc6 Qa5 20. Qe4 Bb7 21. Qe2
Qc3 22. Be4 Bxe4 23. Qxe4 Rfd8 24. g3 Bd2 25. Nc6 Bxe1 26. Nxd8 Bd2 27. Nc6 Re8
28. Qd4 Qf3 29. Qxd2 Qxc6 30. Qd7 Qa8 31. c5 1-0